Biochemical aspects related to rubber biosynthesis and yield in Hevea brasiliensis (Record no. 52728)

MARC details
000 -LEADER
fixed length control field 00404nam a2200121Ia 4500
100 ## - MAIN ENTRY--AUTHOR NAME
Personal name Nair N.U.
245 #0 - TITLE STATEMENT
Title Biochemical aspects related to rubber biosynthesis and yield in Hevea brasiliensis
260 ## - PUBLICATION, DISTRIBUTION, ETC. (IMPRINT)
Name of publisher Ph.D. Thesis, University of Kerala, Thiruvananthapuram, India, 113 p.
Year of publication 1994
650 ## - SUBJECT ADDED ENTRY--TOPICAL TERM
Topical Term Biochemical parameter
650 ## - SUBJECT ADDED ENTRY--TOPICAL TERM
Topical Term Yield
942 ## - ADDED ENTRY ELEMENTS (KOHA)
Koha item type Bibliography STAF
Holdings
Withdrawn status Lost status Damaged status Not for loan Home library Current library Date acquired Koha item type
      Bibliography RRII Library RRII Library 09/04/2014 Bibliography STAF